Statistics / (Record no. 616914)
[ view plain ]
| 000 -LEADER | |
|---|---|
| fixed length control field | 00495nam a22001697a 4500 |
| 003 - CONTROL NUMBER IDENTIFIER | |
| control field | NUST |
| 005 - DATE AND TIME OF LATEST TRANSACTION | |
| control field | 20260408143319.0 |
| 008 - FIXED-LENGTH DATA ELEMENTS--GENERAL INFORMATION | |
| fixed length control field | 260408b ||||| |||| 00| 0 eng d |
| 082 ## - DEWEY DECIMAL CLASSIFICATION NUMBER | |
| Classification number | 519.5 |
| Author Mark | FRE |
| 100 ## - MAIN ENTRY--PERSONAL NAME | |
| Personal name | David Freedman, Robert Pisani, Roger Purves. |
| 9 (RLIN) | 133995 |
| 245 ## - TITLE STATEMENT | |
| Title | Statistics / |
| Statement of responsibility, etc. | David Freedman, Robert Pisani, Roger Purves. |
| 250 ## - EDITION STATEMENT | |
| Edition statement | 3rd Edition |
| 260 ## - PUBLICATION, DISTRIBUTION, ETC. | |
| Place of publication, distribution, etc. | London: |
| Name of publisher, distributor, etc. | W. W. Norton & Company, |
| Date of publication, distribution, etc. | 1997. |
| 300 ## - PHYSICAL DESCRIPTION | |
| Extent | 710 p ; |
| Dimensions | 31.00 cm |
| 563 ## - BINDING INFORMATION | |
| Binding note | Paperback |
| 942 ## - ADDED ENTRY ELEMENTS (KOHA) | |
| Source of classification or shelving scheme | |
| Koha item type | Book |
| Withdrawn status | Lost status | Source of classification or shelving scheme | Damaged status | Not for loan | Permanent Location | Current Location | Date acquired | Total Checkouts | Full call number | Barcode | Date last seen | Price effective from | Koha item type |
|---|---|---|---|---|---|---|---|---|---|---|---|---|---|
| Institute of Geographical Information Systems (IGIS) | Institute of Geographical Information Systems (IGIS) | 04/08/2026 | 519.5 FRE | IGIS-422 | 04/08/2026 | 04/08/2026 | Book | ||||||
| Institute of Geographical Information Systems (IGIS) | Institute of Geographical Information Systems (IGIS) | 04/08/2026 | 519.5 FRE | IGIS-576 | 04/08/2026 | 04/08/2026 | Book |
